[Event "Heraklion Gazi op 13th"]
[Site "Heraklion"]
[Date "2017.07.31"]
[Round "4"]
[White "Kouskoutis, Georgios Alexandros"]
[Black "Vidalis, Evagelos"]
[Result "1-0"]
[WhiteElo "2237"]
[BlackElo "1872"]
[PlyCount "49"]
[EventDate "2017.07.28"]
[EventType "swiss"]
[EventRounds "9"]
[EventCountry "GRE"]
[SourceTitle "CBM 179 Extra"]
[Source "ChessBase"]
[SourceDate "2017.08.23"]
[SourceVersion "1"]
[SourceVersionDate "2017.08.23"]
[SourceQuality "1"]

1. c4 Nf6 2. g3 e5 3. Bg2 d5 4. cxd5 Nxd5 5. Nc3 Nb6 6. Nf3 Nc6 7. 0-0 Be7 8. d3 0-0 9. a3 Re8 10. b4 Bf8 11. Bb2 Bg4 12. h3 Bh5 13. Rc1 a5 14. b5 Nd4 15. g4 Bg6 16. e3 Nxf3+ 17. Qxf3 Bxd3 18. Rcd1 Nc4 19. Bc1 e4 20. Nxe4 Bxa3 21. Bxa3 Nxa3 22. Nc5 Qd6 23. Nxd3 Nxb5 24. Nf4 Qb4 25. Rb1 1-0

[Event "Heraklion Gazi op 12th"]
[Site "Malevizi"]
[Date "2016.08.05"]
[Round "9"]
[White "Vidalis, Evagelos"]
[Black "Krallis, Christos"]
[Result "1-0"]
[WhiteElo "1852"]
[BlackElo "2005"]
[PlyCount "141"]
[EventDate "2016.07.28"]
[EventType "swiss"]
[EventRounds "9"]
[EventCountry "GRE"]
[SourceTitle "CBM 173 Extra"]
[Source "ChessBase"]
[SourceDate "2016.08.29"]
[SourceVersion "1"]
[SourceVersionDate "2016.08.29"]
[SourceQuality "1"]

1. d4 Nf6 2. Bg5 Ne4 3. Bf4 d5 4. f3 Nf6 5. Nc3 c5 6. e3 e6 7. Bb5+ Nc6 8. Nge2 Nh5 9. Qd2 Nxf4 10. Nxf4 cxd4 11. exd4 a6 12. Bxc6+ bxc6 13. Nd3 Bd6 14. Na4 Qf6 15. Nb6 Rb8 16. Nxc8 Rxc8 17. c3 0-0 18. 0-0 c5 19. dxc5 Bxc5+ 20. Nxc5 Rxc5 21. f4 Rb8 22. Rac1 Rcb5 23. b3 Rc5 24. Rf3 Rbc8 25. Rd3 g6 26. Qe3 Qf5 27. Qd4 f6 28. Qe3 Qe4 29. Kf2 f5 30. g3 Kf7 31. Qd2 d4 32. Rxd4 Rd5 33. Rxd5 Qxd5 34. Qxd5 exd5 35. Ke3 Ke6 36. Kd4 Kd6 37. Re1 Rb8 38. Re5 Kc6 39. Re6+ Kb5 40. Rd6 Re8 41. Rxd5+ Kc6 42. Re5 Rd8+ 43. Kc4 Rd2 44. Re6+ Kd7 45. Rxa6 Rxh2 46. Kd5 Rd2+ 47. Ke5 Re2+ 48. Kf6 Re3 49. c4 Rxg3 50. Ra7+ Kd6 51. Rxh7 Rg4 52. Ra7 Rxf4 53. Ra6+ Kc5 54. Ra5+ Kd4 55. Kxg6 Rf2 56. Kf6 f4 57. Ke6 Re2+ 58. Kd6 f3 59. Rf5 Ke4 60. Rf8 Rxa2 61. b4 Rd2+ 62. Kc5 f2 63. b5 Kd3 64. b6 Rc2 65. Kd5 Rb2 66. c5 Ke2 67. Kc6 Rb3 68. b7 f1Q 69. Rxf1 Kxf1 70. Kc7 Rc3 71. c6 1-0

[Event "Heraklion Gazi op 12th"]
[Site "Malevizi"]
[Date "2016.08.04"]
[Round "8"]
[White "Stefanidi, Maria Anna"]
[Black "Vidalis, Evagelos"]
[Result "0-1"]
[WhiteElo "2082"]
[BlackElo "1852"]
[PlyCount "108"]
[EventDate "2016.07.28"]
[EventType "swiss"]
[EventRounds "9"]
[EventCountry "GRE"]
[SourceTitle "CBM 173 Extra"]
[Source "ChessBase"]
[SourceDate "2016.08.29"]
[SourceVersion "1"]
[SourceVersionDate "2016.08.29"]
[SourceQuality "1"]

1. e4 e6 2. d4 d5 3. exd5 exd5 4. Bd3 Nf6 5. Nf3 Be7 6. h3 0-0 7. 0-0 Re8 8. Bf4 Nbd7 9. Nc3 c6 10. Re1 Nf8 11. Ne5 Ne6 12. Be3 c5 13. Bb5 Rf8 14. Ne2 Qb6 15. c4 Rd8 16. Nf3 a6 17. Ba4 dxc4 18. Qc2 Nd5 19. Qxc4 Qb4 20. Qxb4 Nxb4 21. dxc5 Nxc5 22. Nc3 Nxa4 23. Nxa4 Nc2 24. Nb6 Nxe1 25. Rxe1 Be6 26. Nxa8 Rxa8 27. b3 Bf6 28. Rc1 Rc8 29. Rxc8+ Bxc8 30. Kf1 Kf8 31. Ke2 Ke8 32. Bd4 Ke7 33. Bxf6+ Kxf6 34. Ke3 h6 35. Kd4 g5 36. Kc5 Bf5 37. Nd4 Bd3 38. Nf3 Be4 39. Ne1 h5 40. a4 Ke6 41. a5 f5 42. f3 Bd5 43. b4 Bc6 44. Nc2 Ke5 45. Nd4 Ba4 46. Ne2 Bb5 47. Nd4 Bf1 48. g4 fxg4 49. fxg4 h4 50. Nf3+ Kf4 51. Ng1 Ke3 52. Kd5 Kf2 53. Ke5 Kxg1 54. Kf5 Kg2 0-1

[Event "Heraklion Gazi op 12th"]
[Site "Malevizi"]
[Date "2016.07.31"]
[Round "4"]
[White "Vidalis, Evagelos"]
[Black "Mitsis, Georgios"]
[Result "0-1"]
[WhiteElo "1852"]
[BlackElo "2174"]
[PlyCount "60"]
[EventDate "2016.07.28"]
[EventType "swiss"]
[EventRounds "9"]
[EventCountry "GRE"]
[SourceTitle "CBM 173 Extra"]
[Source "ChessBase"]
[SourceDate "2016.08.29"]
[SourceVersion "1"]
[SourceVersionDate "2016.08.29"]
[SourceQuality "1"]

1. d4 d6 2. e4 Nf6 3. Nc3 c6 4. Nf3 Bg4 5. a4 e6 6. Be2 Be7 7. 0-0 0-0 8. Be3 d5 9. Nd2 Bxe2 10. Qxe2 Na6 11. exd5 cxd5 12. Nf3 Nb4 13. Rfd1 Rc8 14. Rd2 Nc6 15. Rd3 Ne4 16. Ne5 Nb4 17. Nxe4 Nxd3 18. cxd3 dxe4 19. dxe4 Bf6 20. Nf3 Qa5 21. g4 Qc7 22. Ra3 Qc2 23. Qxc2 Rxc2 24. Rb3 b6 25. Bd2 Bxd4 26. Nxd4 Rxd2 27. Nc6 Rd7 28. Kg2 Rc8 29. Nb4 g6 30. Kf3 Rc4 0-1

[Event "Thessaloniki Triandrias 4th"]
[Site "Thessaloniki"]
[Date "2011.04.29"]
[Round "4"]
[White "Vidalis, Evagelos"]
[Black "Papaioannou, Ioannis"]
[Result "0-1"]
[WhiteElo "1990"]
[BlackElo "2605"]
[PlyCount "66"]
[EventDate "2011.04.26"]
[EventType "swiss"]
[EventRounds "7"]
[EventCountry "GRE"]
[SourceTitle "EXT 2024"]
[Source "ChessBase"]
[SourceDate "2023.10.10"]
[SourceVersion "1"]
[SourceVersionDate "2023.10.10"]
[SourceQuality "1"]

1. e4 d5 2. exd5 Qxd5 3. Nc3 Qa5 4. Nf3 Nf6 5. Be2 c6 6. 0-0 Bf5 7. b4 Qd8 8. Rb1 e6 9. b5 Bd6 10. d4 0-0 11. h3 Nbd7 12. Bd3 Bxd3 13. Qxd3 Qc7 14. Rd1 Rac8 15. bxc6 bxc6 16. Qa6 Rb8 17. Ba3 Bxa3 18. Qxa3 h6 19. Rb3 Nb6 20. Ne5 Rfd8 21. Na4 Ne4 22. Nc5 Nxc5 23. Qxc5 Rbc8 24. c4 f6 25. Nf3 e5 26. Rbb1 e4 27. Nd2 Re8 28. Qf5 e3 29. fxe3 Rxe3 30. Re1 Qe7 31. Qf2 Rxe1+ 32. Rxe1 Qb4 33. c5 Nd5 0-1

[Event "Fokika op"]
[Site "Fokika"]
[Date "2009.09.06"]
[Round "6"]
[White "Gogolis, Alexandros"]
[Black "Vidalis, Evagelos"]
[Result "1-0"]
[WhiteElo "2229"]
[BlackElo "2010"]
[PlyCount "117"]
[EventDate "2009.09.10"]
[EventType "swiss"]
[EventRounds "6"]
[EventCountry "GRE"]
[SourceTitle "EXT 2024"]
[Source "ChessBase"]
[SourceDate "2023.10.10"]
[SourceVersion "1"]
[SourceVersionDate "2023.10.10"]
[SourceQuality "1"]

1. d4 e6 2. Bf4 d5 3. e3 c5 4. c3 Qb6 5. Qb3 Bd7 6. Nd2 Nf6 7. h3 Nc6 8. Ngf3 Be7 9. Be2 0-0 10. 0-0 Rfc8 11. Rfe1 Na5 12. Qxb6 axb6 13. a3 Ba4 14. Bd3 Bb3 15. Ne5 Bd6 16. Bh2 Bxe5 17. Bxe5 cxd4 18. exd4 Ba4 19. Bxf6 gxf6 20. f4 Bd7 21. Re2 Nc4 22. Bxc4 dxc4 23. Ne4 Kg7 24. Re3 f5 25. Rg3+ Kf8 26. Nf6 Ke7 27. Nxh7 Rh8 28. Ng5 Rag8 29. Kf2 Bc6 30. Nf3 Bxf3 31. Kxf3 Rxg3+ 32. Kxg3 Kf6 33. Re1 Rd8 34. Re5 Rd6 35. Rb5 Kg6 36. Kf3 f6 37. g4 fxg4+ 38. hxg4 Rc6 39. Ke4 Kf7 40. f5 Ke7 41. fxe6 Rxe6+ 42. Kd5 Kd7 43. Kxc4 Kc7 44. Rf5 Re4 45. Rxf6 Rxg4 46. Re6 Rg2 47. b3 Ra2 48. Kb4 Rd2 49. Kc4 Rd1 50. Re7+ Kc8 51. a4 Rd2 52. b4 Rd1 53. Re3 Kc7 54. Kb5 Rc1 55. Re7+ Kc8 56. c4 Rd1 57. d5 Rd4 58. Re6 Kc7 59. Rxb6 1-0

[Event "Schwarzach op-A"]
[Site "Schwarzach"]
[Date "2009.08.23"]
[Round "9"]
[White "Vidalis, Evagelos"]
[Black "Rieling, Thomas"]
[Result "1-0"]
[WhiteElo "1991"]
[BlackElo "2130"]
[PlyCount "83"]
[EventDate "2009.08.15"]
[EventType "swiss"]
[EventRounds "9"]
[EventCountry "AUT"]
[SourceTitle "CBM 132 Extra"]
[Source "ChessBase"]
[SourceDate "2009.11.03"]
[SourceVersion "1"]
[SourceVersionDate "2009.11.03"]
[SourceQuality "1"]

1. Nf3 Nf6 2. g3 b6 3. Bg2 Bb7 4. 0-0 c5 5. c4 g6 6. b3 Bg7 7. Bb2 0-0 8. d3 e6 9. Nbd2 Qc7 10. Qc2 Nc6 11. Rad1 d5 12. e3 Rfd8 13. d4 Nb4 14. Qb1 dxc4 15. bxc4 cxd4 16. Bxd4 Nc6 17. Bxf6 Bxf6 18. Ne4 Bg7 19. c5 h6 20. Nd6 Ba6 21. Nb5 Qe7 22. cxb6 axb6 23. Rxd8+ Rxd8 24. Rc1 Qb4 25. Qxb4 Nxb4 26. a4 Rd7 27. Nfd4 Nd3 28. Rc6 Rd8 29. Rxb6 Bc8 30. Rb8 Be5 31. Ra8 Bf6 32. Nc6 Rf8 33. Nd6 Bd7 34. Ra7 Nc5 35. a5 e5 36. Ne4 Nxe4 37. Bxe4 Be6 38. a6 Bg7 39. Ne7+ Kh7 40. Ra8 Rxa8 41. Bxa8 Bf8 42. a7 1-0

[Event "Thessaloniki Triandria op 2nd"]
[Site "Thessaloniki"]
[Date "2009.04.24"]
[Round "4"]
[White "Vidalis, Evagelos"]
[Black "Mitridis, Dimitris"]
[Result "1-0"]
[WhiteElo "2005"]
[BlackElo "1584"]
[PlyCount "71"]
[EventDate "2009.04.21"]
[EventType "swiss"]
[EventRounds "7"]
[EventCountry "GRE"]
[SourceTitle "EXT 2024"]
[Source "ChessBase"]
[SourceDate "2023.10.10"]
[SourceVersion "1"]
[SourceVersionDate "2023.10.10"]
[SourceQuality "1"]

1. c4 b6 2. Nc3 Bb7 3. Nf3 e6 4. g3 Nf6 5. Bg2 Be7 6. 0-0 c5 7. d3 d6 8. Re1 Nbd7 9. e4 e5 10. Nh4 g6 11. f4 Nh5 12. Nf3 Bf6 13. f5 0-0 14. Bh6 Bg7 15. Qd2 a6 16. Re2 Bxh6 17. Qxh6 Qf6 18. Rf1 Qg7 19. Qd2 h6 20. Nh4 g5 21. f6 Qh7 22. Nf5 Ndxf6 23. Nxd6 Bc6 24. Ref2 Qg6 25. Nf5 Ra7 26. Qe2 Ne8 27. Bh3 Nhg7 28. Ne3 Nc7 29. Rf6 Qh7 30. Rxc6 Rb7 31. Ncd5 Nxd5 32. cxd5 Ne8 33. Qh5 f6 34. Be6+ Kh8 35. Rc8 Re7 36. Nf5 1-0